Industry and values: The objectives and responsibilities of business

সংরক্ষণ করুন:
গ্রন্থ-পঞ্জীর বিবরন
বিন্যাস: গ্রন্থ
ভাষা:Undetermined
প্রকাশিত: London Harrap 1970
বিষয়গুলি:
ট্যাগগুলো: ট্যাগ যুক্ত করুন
কোনো ট্যাগ নেই, প্রথমজন হিসাবে ট্যাগ করুন!
Thư viện lưu trữ: Trung tâm Học liệu Trường Đại học Cần Thơ
LEADER 00565nam a2200193Ia 4500
001 CTU_99048
008 210402s9999 xx 000 0 und d
082 |a 174 
082 |b I.42 
245 0 |a Industry and values: 
245 4 |b The objectives and responsibilities of business 
245 0 |c edited by Michael Ivens; with a foreword by Sir John Reiss 
260 |a London 
260 |b Harrap 
260 |c 1970 
650 |a Industries,Business ethics 
650 |x Social aspects 
904 |i M.Loan 
980 |a Trung tâm Học liệu Trường Đại học Cần Thơ